|
|
|
|
| LEADER |
00000nam0a2200000 4500 |
| 001 |
224859 |
| 005 |
20231101230625.0 |
| 010 |
|
|
|a 9785982988089
|
| 035 |
|
|
|a (RuTPU)RU\TPU\book\245178
|
| 090 |
|
|
|a 224859
|
| 100 |
|
|
|a 20121031d2011 m y0rusy50 ca
|
| 101 |
0 |
|
|a rus
|
| 102 |
|
|
|a RU
|
| 105 |
|
|
|a a j 001zy
|
| 200 |
1 |
|
|a Разрушение горных пород при проведении геологоразведочных работ
|e учебник для вузов
|f С. С. Сулакшин, П. С. Чубик
|g Национальный исследовательский Томский политехнический университет (ТПУ)
|
| 210 |
|
|
|a Томск
|c Изд-во ТПУ
|d 2011
|
| 215 |
|
|
|a 367 с.
|c ил.
|
| 320 |
|
|
|a Библиогр.: с. 361-362.
|
| 330 |
|
|
|a В учебнике изложены основы теории разрушения горных пород при бурении скважин с применением традиционных механических способов с помощью породоразрушающих инструментов; рассмотрены основы механики твердого тела, поведение горных пород при внедрении инденторов различной формы, механизм, масштабы и энергоемкость их разрушения, свойства горных пород, способы удаления продуктов разрушения в процессе бурения скважин и факторы, влияющие на эффективность получаемых результатов. Предназначен для студентов, обучающихся по специальностям 130102 «Технологии геологической разведки» и 130101 «Прикладная геология».
|
| 606 |
1 |
|
|a Геологоразведочные скважины
|x Бурение
|2 stltpush
|3 (RuTPU)RU\TPU\subj\67782
|9 83448
|
| 606 |
1 |
|
|a Горные породы
|x Разрушение
|x Теория
|2 stltpush
|3 (RuTPU)RU\TPU\subj\8035
|9 35529
|
| 610 |
1 |
|
|a режимы бурения
|
| 610 |
1 |
|
|a методы
|
| 610 |
1 |
|
|a процессы
|
| 610 |
1 |
|
|a буримость
|
| 610 |
1 |
|
|a отбор
|
| 610 |
1 |
|
|a пробы
|
| 610 |
1 |
|
|a свойства
|
| 610 |
1 |
|
|a механическое разрушение
|
| 610 |
1 |
|
|a деформирование
|
| 610 |
1 |
|
|a породоразрушающие инструменты
|
| 610 |
1 |
|
|a продукты разрушения
|
| 610 |
1 |
|
|a удаление
|
| 610 |
1 |
|
|a промывочные жидкости
|
| 610 |
1 |
|
|a химические реагенты
|
| 610 |
1 |
|
|a очистные агенты
|
| 610 |
1 |
|
|a учебники
|
| 610 |
1 |
|
|a труды учёных ТПУ
|
| 675 |
|
|
|a 550.822.7:622.24(075.8)
|v 3
|
| 675 |
|
|
|a 622.23(075.8)
|v 3
|
| 700 |
|
1 |
|a Сулакшин
|b С. С.
|c российский геолог
|c Заслуженный профессор Томского политехнического университета
|f 1919-2011
|g Степан Степанович
|2 stltpush
|3 (RuTPU)RU\TPU\pers\13908
|
| 701 |
|
1 |
|a Чубик
|b П. С.
|c российский геолог
|c профессор, ректор Томского политехнического университета (с 2008 г.)
|f 1954-
|g Петр Савельевич
|2 stltpush
|3 (RuTPU)RU\TPU\pers\24546
|
| 712 |
0 |
2 |
|a Национальный исследовательский Томский политехнический университет (ТПУ)
|c (2009- )
|2 stltpush
|3 (RuTPU)RU\TPU\col\15902
|
| 801 |
|
1 |
|a RU
|b 63413507
|c 20121031
|
| 801 |
|
2 |
|a RU
|b 63413507
|c 20221205
|g RCR
|
| 900 |
|
|
|a Технология и техника геологоразведочных работ
|
| 942 |
|
|
|c BK
|